[Event "ODJM C 2022"]
[Site "Willingen GER"]
[Date "2022.06.05"]
[Round "2"]
[White "Kulgemeyer, Justus"]
[Black "Hapke, Marvin"]
[Result "0-1"]
[Termination "normal"]
[Board "19"]
[WhiteElo "797"]
[BlackElo "1262"]
[PlyCount "96"]
[WhiteFideId "34623671"]
[BlackFideId "12996580"]
[EventCountry "GER"]
[EventRounds "9"]
[EventType "swiss"]
[EventDate "2022.06.04"]

1. d4 d5 2. Nc3 Nf6 3. Bf4 e6 4. Nf3 Be7 5. e3 O-O 6. Bd3 Nbd7 7. Qd2 b6 8.
O-O-O Bb7 9. h3 c5 10. g4 Ne4 11. Bxe4 dxe4 12. Ne1 cxd4 13. Qxd4 Bc6 14. Bd6
Re8 15. Bxe7 Rxe7 16. Qd6 Rc8 17. g5 e5 18. h4 Re6 19. Qb4 Qe7 20. Qxe7 Rxe7
21. h5 Re6 22. h6 Rg6 23. hxg7 Rxg5 24. Nxe4 Bxe4 25. Rxd7 Bxh1 26. Rxa7 Rd8
27. b3 Rg1 28. Kb2 Rxe1 29. Ra6 Rd2 30. f4 Ree2 31. Rxb6 Rxc2+ 32. Ka3 Rxa2+
33. Kb4 Rxe3 34. f5 Rb2 35. Kc5 Rc3+ 36. Kd6 Rc6+ 37. Rxc6 Bxc6 38. Kxc6 e4 39.
f6 e3 40. Kd6 e2 41. Kd7 Rd2+ 42. Kc6 e1=Q 43. b4 Qc1+ 44. Kb5 Rd5+ 45. Kb6
Qe3+ 46. Kc6 Qe6+ 47. Kc7 Rd7+ 48. Kc8 Qe8# 0-1

[Event "ODJM C 2022"]
[Site "Willingen GER"]
[Date "2022.06.05"]
[Round "2"]
[White "Rabe, Elina"]
[Black "Menne, Lukas"]
[Result "1/2-1/2"]
[Termination "normal"]
[Board "20"]
[WhiteElo "764"]
[BlackElo "1150"]
[PlyCount "59"]
[WhiteFideId "34623531"]
[BlackFideId "16288467"]
[EventCountry "GER"]
[EventRounds "9"]
[EventType "swiss"]
[EventDate "2022.06.04"]

1. e4 d5 2. d3 dxe4 3. Nc3 exd3 4. Bxd3 Nc6 5. Nf3 Nf6 6. O-O Bg4 7. Be2 Qxd1
8. Rxd1 Bxf3 9. Bxf3 e6 10. Be3 Bd6 11. Bxc6+ bxc6 12. Bg5 Ke7 13. Bxf6+ Kxf6
14. a4 a5 15. Rd3 Rab8 16. Ne4+ Ke7 17. Nxd6 cxd6 18. b3 Rb4 19. Rad1 Rhb8 20.
Rxd6 Rc8 21. Rd7+ Kf6 22. Ra7 c5 23. Rxa5 c4 24. bxc4 Rcxc4 25. g3 Rxa4 26.
Rxa4 Rxa4 27. Rd2 Kf5 28. c4 Ra6 29. c5 f6 30. f4 1/2-1/2

[Event "ODJM C 2022"]
[Site "Willingen GER"]
[Date "2022.06.05"]
[Round "2"]
[White "Direk, Oguzhan"]
[Black "Schwarzfischer, Ramona"]
[Result "1-0"]
[Termination "normal"]
[Board "21"]
[WhiteElo "1020"]
[BlackElo "775"]
[PlyCount "67"]
[WhiteFideId "16294343"]
[BlackFideId "16268113"]
[EventCountry "GER"]
[EventRounds "9"]
[EventType "swiss"]
[EventDate "2022.06.04"]

1. d4 d5 2. Nc3 Nf6 3. Bf4 Nc6 4. Nb5 Rb8 5. Bxc7 Qd7 6. Bxb8 Nxb8 7. Nc3 Nc6
8. e3 e6 9. Nf3 Bb4 10. Bb5 Bxc3+ 11. bxc3 a6 12. Ne5 Qc7 13. Bxc6+ bxc6 14.
O-O Ne4 15. Qd3 h6 16. c4 g5 17. cxd5 cxd5 18. c4 f6 19. cxd5 exd5 20. Rac1 Qb7
21. Rb1 Qc7 22. Rfc1 Qd8 23. Rb8 O-O 24. Rbxc8 Qe7 25. Rxf8+ Qxf8 26. Qxa6 fxe5
27. Rc8 Qxc8 28. Qxc8+ Kg7 29. Qd7+ Kg6 30. Qxd5 Kf5 31. Qxe5+ Kg6 32. Qxe4+
Kh5 33. h3 g4 34. Qxg4# 1-0

[Event "ODJM C 2022"]
[Site "Willingen GER"]
[Date "2022.06.06"]
[Round "3"]
[White "Roth, Jonas"]
[Black "Jansen, Malte"]
[Result "1-0"]
[Termination "normal"]
[Board "1"]
[WhiteElo "1239"]
[BlackElo "1391"]
[WhiteClock "00:45:15"]
[BlackClock "00:22:26"]
[PlyCount "107"]
[WhiteFideId "34623515"]
[BlackFideId "16295137"]
[EventCountry "GER"]
[EventRounds "9"]
[EventType "swiss"]
[EventDate "2022.06.04"]

1. d4 {[%clk 1:30:55]} d5 {[%clk 1:30:49]} 2. c4 {[%clk 1:31:17]} e6 {[%clk
1:30:51]} 3. Nc3 {[%clk 1:31:40]} Nf6 {[%clk 1:30:52]} 4. Bg5 {[%clk 1:31:50]}
Be7 {[%clk 1:30:41]} 5. Nf3 {[%clk 1:32:13]} O-O {[%clk 1:30:28]} 6. e3 {[%clk
1:32:41]} b6 {[%clk 1:29:58]} 7. Bd3 {[%clk 1:32:46]} dxc4 {[%clk 1:29:11]} 8.
Bxc4 {[%clk 1:33:08]} Bb7 {[%clk 1:28:46]} 9. O-O {[%clk 1:32:33]} Nbd7 {[%clk
1:26:20]} 10. a3 {[%clk 1:32:27]} h6 {[%clk 1:24:38]} 11. Bf4 {[%clk 1:32:10]}
Rc8 {[%clk 1:23:22]} 12. Ne5 {[%clk 1:28:24]} Nd5 {[%clk 1:13:40]} 13. Bxd5
{[%clk 1:26:41]} exd5 {[%clk 1:12:14]} 14. Nb5 {[%clk 1:20:21]} Nxe5 {[%clk
1:04:47]} 15. Bxe5 {[%clk 1:20:16]} c6 {[%clk 1:04:03]} 16. Nc3 {[%clk
1:19:16]} Bd6 {[%clk 1:00:32]} 17. f4 {[%clk 1:17:56]} Be7 {[%clk 0:57:05]} 18.
f5 {[%clk 1:15:54]} Re8 {[%clk 0:54:55]} 19. Qg4 {[%clk 1:15:30]} Bg5 {[%clk
0:53:51]} 20. Rae1 {[%clk 1:14:57]} f6 {[%clk 0:51:22]} 21. Bf4 {[%clk
1:13:14]} c5 {[%clk 0:47:35]} 22. Nb5 {[%clk 0:59:42]} Ba6 {[%clk 0:43:50]} 23.
Nd6 {[%clk 0:59:17]} Bxf1 {[%clk 0:42:32]} 24. Nxe8 {[%clk 0:58:43]} Qxe8
{[%clk 0:41:33]} 25. Bxg5 {[%clk 0:56:31]} hxg5 {[%clk 0:40:34]} 26. Kxf1
{[%clk 0:56:41]} cxd4 {[%clk 0:40:30]} 27. Qxd4 {[%clk 0:56:10]} Qb5+ {[%clk
0:38:07]} 28. Kg1 {[%clk 0:54:58]} Rc4 {[%clk 0:37:31]} 29. Qd3 {[%clk
0:52:12]} Qc5 {[%clk 0:34:24]} 30. Rd1 {[%clk 0:50:05]} Rc1 {[%clk 0:31:55]}
31. Kf2 {[%clk 0:49:55]} Qc2+ {[%clk 0:29:11]} 32. Rd2 {[%clk 0:48:51]} Qxd3
{[%clk 0:28:46]} 33. Rxd3 {[%clk 0:49:14]} Rc2+ {[%clk 0:29:08]} 34. Kf3 {[%clk
0:49:36]} Rxb2 {[%clk 0:29:08]} 35. Rxd5 {[%clk 0:49:49]} Rb3 {[%clk 0:28:31]}
36. a4 {[%clk 0:50:09]} Ra3 {[%clk 0:28:02]} 37. Rd4 {[%clk 0:50:14]} Kh7
{[%clk 0:27:32]} 38. g4 {[%clk 0:49:46]} Kh6 {[%clk 0:27:15]} 39. h3 {[%clk
0:45:07]} a6 {[%clk 0:26:57]} 40. Rb4 {[%clk 0:44:19]} g6 {[%clk 0:24:30]} 41.
Rxb6 {[%clk 0:44:05]} Rxa4 {[%clk 0:24:53]} 42. Rxf6 {[%clk 0:44:18]} Ra1
{[%clk 0:24:52]} 43. Rxg6+ {[%clk 0:44:28]} Kh7 {[%clk 0:24:34]} 44. Rxg5
{[%clk 0:44:57]} a5 {[%clk 0:24:50]} 45. Rh5+ {[%clk 0:44:27]} Kg7 {[%clk
0:24:59]} 46. Ke2 {[%clk 0:44:38]} a4 {[%clk 0:25:17]} 47. Kd2 {[%clk 0:44:51]}
a3 {[%clk 0:25:18]} 48. Kc3 {[%clk 0:44:55]} Re1 {[%clk 0:25:01]} 49. Kb3
{[%clk 0:44:49]} Rxe3+ {[%clk 0:24:45]} 50. Ka2 {[%clk 0:45:11]} Kf6 {[%clk
0:23:49]} 51. h4 {[%clk 0:45:06]} Ke5 {[%clk 0:23:17]} 52. Rg5 {[%clk 0:45:11]}
Rh3 {[%clk 0:22:51]} 53. h5 {[%clk 0:44:58]} Kf4 {[%clk 0:22:26]} 54. Rg6
{[%clk 0:45:15]} 1-0

[Event "ODJM C 2022"]
[Site "Willingen GER"]
[Date "2022.06.06"]
[Round "3"]
[White "Peglau, Lorena"]
[Black "Fahlbusch, Niclas"]
[Result "0-1"]
[Termination "normal"]
[Board "2"]
[WhiteElo "1224"]
[BlackElo "1280"]
[WhiteClock "00:25:45"]
[BlackClock "00:53:47"]
[PlyCount "66"]
[WhiteFideId "16290542"]
[BlackFideId "16271548"]
[EventCountry "GER"]
[EventRounds "9"]
[EventType "swiss"]
[EventDate "2022.06.04"]

1. c4 {[%clk 1:30:57]} Nf6 {[%clk 1:29:41]} 2. Nc3 {[%clk 1:31:18]} d5 {[%clk
1:30:04]} 3. cxd5 {[%clk 1:31:40]} Nxd5 {[%clk 1:30:28]} 4. g3 {[%clk 1:32:00]}
Bf5 {[%clk 1:30:27]} 5. Bg2 {[%clk 1:32:08]} Nxc3 {[%clk 1:30:45]} 6. bxc3
{[%clk 1:32:27]} Nc6 {[%clk 1:31:10]} 7. Qa4 {[%clk 1:32:11]} Qd7 {[%clk
1:29:14]} 8. Qb5 {[%clk 1:27:53]} Rb8 {[%clk 1:28:06]} 9. d3 {[%clk 1:18:35]}
a6 {[%clk 1:25:27]} 10. Qa4 {[%clk 1:17:28]} Na7 {[%clk 1:22:01]} 11. Qc4
{[%clk 1:06:44]} e6 {[%clk 1:20:56]} 12. Be3 {[%clk 1:00:39]} b5 {[%clk
1:14:15]} 13. Qb3 {[%clk 0:51:07]} c5 {[%clk 1:03:23]} 14. c4 {[%clk 0:46:27]}
Nc6 {[%clk 0:59:42]} 15. Qa3 {[%clk 0:41:48]} Nb4 {[%clk 0:57:53]} 16. Qc3
{[%clk 0:38:57]} f6 {[%clk 0:53:36]} 17. a3 {[%clk 0:35:19]} Nxd3+ {[%clk
0:48:52]} 18. exd3 {[%clk 0:30:54]} Qxd3 {[%clk 0:49:13]} 19. Qxd3 {[%clk
0:31:07]} Bxd3 {[%clk 0:49:35]} 20. cxb5 {[%clk 0:31:10]} Rxb5 {[%clk 0:49:42]}
21. Bc6+ {[%clk 0:31:17]} Kf7 {[%clk 0:50:01]} 22. Bxb5 {[%clk 0:31:32]} axb5
{[%clk 0:50:26]} 23. Rc1 {[%clk 0:30:50]} c4 {[%clk 0:50:47]} 24. Rc3 {[%clk
0:30:30]} b4 {[%clk 0:51:07]} 25. Rc1 {[%clk 0:27:56]} b3 {[%clk 0:51:26]} 26.
Bd4 {[%clk 0:26:35]} Bxa3 {[%clk 0:51:45]} 27. Ra1 {[%clk 0:26:42]} b2 {[%clk
0:52:07]} 28. Bxb2 {[%clk 0:26:43]} Bxb2 {[%clk 0:52:31]} 29. Rd1 {[%clk
0:26:43]} Bc3+ {[%clk 0:52:23]} 30. Rd2 {[%clk 0:26:56]} Ra8 {[%clk 0:52:49]}
31. f4 {[%clk 0:25:18]} Ra1+ {[%clk 0:53:02]} 32. Kf2 {[%clk 0:25:40]} Bxd2
{[%clk 0:53:26]} 33. Kg2 {[%clk 0:25:45]} Be4+ {[%clk 0:53:47]} 0-1

[Event "ODJM C 2022"]
[Site "Willingen GER"]
[Date "2022.06.06"]
[Round "3"]
[White "Hildebrand, Azat"]
[Black "Moissl, Felix"]
[Result "1/2-1/2"]
[Termination "normal"]
[Board "3"]
[WhiteElo "1190"]
[BlackElo "928"]
[WhiteClock "00:44:59"]
[BlackClock "01:07:10"]
[PlyCount "112"]
[WhiteFideId "34607536"]
[BlackFideId "34623574"]
[EventCountry "GER"]
[EventRounds "9"]
[EventType "swiss"]
[EventDate "2022.06.04"]

1. d4 {[%clk 1:30:53]} d5 {[%clk 1:30:53]} 2. Nf3 {[%clk 1:31:08]} Nc6 {[%clk
1:31:06]} 3. c4 {[%clk 1:31:05]} e6 {[%clk 1:31:13]} 4. Nc3 {[%clk 1:30:47]}
Nf6 {[%clk 1:30:57]} 5. e3 {[%clk 1:30:49]} g6 {[%clk 1:30:42]} 6. Bd3 {[%clk
1:30:17]} Bg7 {[%clk 1:30:26]} 7. O-O {[%clk 1:29:41]} O-O {[%clk 1:28:54]} 8.
Re1 {[%clk 1:28:29]} Nd7 {[%clk 1:25:38]} 9. cxd5 {[%clk 1:27:02]} exd5 {[%clk
1:25:00]} 10. Nxd5 {[%clk 1:27:08]} Nb6 {[%clk 1:24:20]} 11. Nxb6 {[%clk
1:26:42]} axb6 {[%clk 1:24:39]} 12. Bd2 {[%clk 1:24:52]} Be6 {[%clk 1:23:28]}
13. a3 {[%clk 1:23:07]} Ne7 {[%clk 1:20:04]} 14. Rc1 {[%clk 1:22:00]} c5 {[%clk
1:19:15]} 15. Bc3 {[%clk 1:19:10]} Nf5 {[%clk 1:18:27]} 16. Be4 {[%clk
1:17:27]} Ra7 {[%clk 1:17:34]} 17. d5 {[%clk 1:13:45]} Bxc3 {[%clk 1:16:52]}
18. Rxc3 {[%clk 1:13:12]} Bd7 {[%clk 1:14:39]} 19. Bc2 {[%clk 1:11:47]} Qf6
{[%clk 1:13:35]} 20. Bxf5 {[%clk 1:08:05]} Bxf5 {[%clk 1:09:32]} 21. e4 {[%clk
1:07:12]} Bg4 {[%clk 1:08:45]} 22. h3 {[%clk 1:06:40]} Bxf3 {[%clk 1:08:36]}
23. Qxf3 {[%clk 1:06:50]} Qxf3 {[%clk 1:08:25]} 24. Rxf3 {[%clk 1:07:06]} Raa8
{[%clk 1:08:31]} 25. Rf6 {[%clk 1:06:55]} Rfe8 {[%clk 1:08:03]} 26. Rxb6 {[%clk
1:06:47]} Ra4 {[%clk 1:08:19]} 27. f3 {[%clk 1:06:44]} Rd4 {[%clk 1:08:17]} 28.
Rxb7 {[%clk 1:06:12]} Rxd5 {[%clk 1:08:28]} 29. Rc1 {[%clk 1:04:20]} Rde5
{[%clk 1:08:04]} 30. Rc7 {[%clk 1:02:33]} Rb8 {[%clk 1:08:01]} 31. R7xc5 {[%clk
1:01:39]} Rxc5 {[%clk 1:08:00]} 32. Rxc5 {[%clk 1:02:01]} Rxb2 {[%clk 1:08:25]}
33. a4 {[%clk 1:01:32]} Ra2 {[%clk 1:08:27]} 34. Rc8+ {[%clk 1:01:41]} Kg7
{[%clk 1:08:52]} 35. Ra8 {[%clk 1:01:37]} h5 {[%clk 1:08:59]} 36. h4 {[%clk
1:01:14]} f6 {[%clk 1:06:54]} 37. Ra7+ {[%clk 0:59:34]} Kh6 {[%clk 1:07:17]}
38. Rf7 {[%clk 0:57:58]} f5 {[%clk 1:07:07]} 39. Rf6 {[%clk 0:54:38]} fxe4
{[%clk 1:06:56]} 40. fxe4 {[%clk 0:54:08]} Rxa4 {[%clk 1:06:35]} 41. Re6 {[%clk
0:50:52]} Kg7 {[%clk 1:06:38]} 42. Kf2 {[%clk 0:50:22]} Kf7 {[%clk 1:06:12]}
43. Re5 {[%clk 0:50:13]} Kf6 {[%clk 1:06:14]} 44. Rg5 {[%clk 0:49:37]} Rxe4
{[%clk 1:06:27]} 45. g3 {[%clk 0:49:36]} Rb4 {[%clk 1:06:23]} 46. Kf3 {[%clk
0:49:07]} Rb3+ {[%clk 1:06:02]} 47. Ke4 {[%clk 0:48:47]} Rb4+ {[%clk 1:06:17]}
48. Kf3 {[%clk 0:48:49]} Rb3+ {[%clk 1:06:27]} 49. Kg2 {[%clk 0:48:56]} Re3
{[%clk 1:06:13]} 50. Kf2 {[%clk 0:47:53]} Rb3 {[%clk 1:06:31]} 51. g4 {[%clk
0:47:33]} Rh3 {[%clk 1:06:02]} 52. gxh5 {[%clk 0:46:47]} Rxh4 {[%clk 1:06:14]}
53. hxg6 {[%clk 0:45:48]} Rh8 {[%clk 1:06:08]} 54. g7 {[%clk 0:45:28]} Rg8
{[%clk 1:06:32]} 55. Rg4 {[%clk 0:44:47]} Rxg7 {[%clk 1:06:48]} 56. Rxg7 {[%clk
0:44:59]} Kxg7 {[%clk 1:07:10]} 1/2-1/2

[Event "ODJM C 2022"]
[Site "Willingen GER"]
[Date "2022.06.06"]
[Round "3"]
[White "Bücker, Phil"]
[Black "Schöne, Finn"]
[Result "0-1"]
[Termination "normal"]
[Board "4"]
[WhiteElo "933"]
[BlackElo "1110"]
[WhiteClock "00:01:00"]
[BlackClock "00:13:31"]
[PlyCount "59"]
[WhiteFideId "34623841"]
[BlackFideId "34623493"]
[EventCountry "GER"]
[EventRounds "9"]
[EventType "swiss"]
[EventDate "2022.06.04"]

1. d4 {[%clk 1:30:56]} d5 {[%clk 1:30:45]} 2. Nc3 {[%clk 1:31:12]} Bf5 {[%clk
1:30:49]} 3. Bf4 {[%clk 1:27:22]} a6 {[%clk 1:26:53]} 4. f3 {[%clk 1:25:49]}
Nf6 {[%clk 1:24:38]} 5. g4 {[%clk 1:24:33]} Bg6 {[%clk 1:23:04]} 6. h4 {[%clk
1:22:25]} h6 {[%clk 1:20:32]} 7. e3 {[%clk 1:19:20]} e6 {[%clk 1:16:59]} 8. Bd3
{[%clk 1:18:10]} Bxd3 9. Qxd3 {[%clk 1:17:34]} Bd6 {[%clk 1:15:49]} 10. Nge2
{[%clk 1:08:29]} Nc6 {[%clk 1:09:59]} 11. a3 {[%clk 1:03:50]} g6 {[%clk
1:01:43]} 12. O-O-O {[%clk 0:54:30]} Qd7 {[%clk 0:56:22]} 13. e4 {[%clk
0:44:40]} Bxf4+ {[%clk 0:46:02]} 14. Nxf4 {[%clk 0:38:19]} O-O-O {[%clk
0:36:33]} 15. e5 {[%clk 0:30:33]} Nh7 {[%clk 0:33:15]} 16. b4 {[%clk 0:14:03]}
b5 {[%clk 0:23:32]} 17. Kd2 {[%clk 0:06:05]} g5 {[%clk 0:19:09]} 18. hxg5
{[%clk 0:05:26]} Nxg5 {[%clk 0:18:57]} 19. Rb1 {[%clk 0:04:12]} Nxd4 {[%clk
0:18:48]} 20. Rhf1 {[%clk 0:02:05]} Nc6 {[%clk 0:17:42]} 21. a4 {[%clk
0:01:28]} Nxe5 {[%clk 0:17:27]} 22. Qe2 {[%clk 0:00:44]} Nc4+ {[%clk 0:16:45]}
23. Kd3 {[%clk 0:00:37]} f6 {[%clk 0:15:26]} 24. axb5 {[%clk 0:00:41]} axb5
{[%clk 0:15:42]} 25. Ra1 {[%clk 0:00:42]} Qh7+ {[%clk 0:16:07]} 26. Kd4 {[%clk
0:00:32]} e5+ {[%clk 0:16:03]} 27. Kc5 {[%clk 0:00:43]} Qe7+ {[%clk 0:13:00]}
28. Kxb5 {[%clk 0:00:42]} Qd7+ {[%clk 0:13:24]} 29. Ka6 {[%clk 0:00:39]} Qc6+
{[%clk 0:13:31]} 30. Ka7 {[%clk 0:01:00]} 0-1

[Event "ODJM C 2022"]
[Site "Willingen GER"]
[Date "2022.06.06"]
[Round "3"]
[White "Ginschel, Leonhard"]
[Black "Heß, Maxim"]
[Result "0-1"]
[Termination "normal"]
[Board "6"]
[WhiteElo "1236"]
[BlackElo "1146"]
[WhiteClock "00:08:14"]
[BlackClock "00:15:27"]
[PlyCount "50"]
[WhiteFideId "16290917"]
[BlackFideId "16287550"]
[EventCountry "GER"]
[EventRounds "9"]
[EventType "swiss"]
[EventDate "2022.06.04"]

1. e4 {[%clk 1:30:58]} c5 {[%clk 1:30:54]} 2. Nf3 {[%clk 1:31:23]} e6 {[%clk
1:31:15]} 3. d4 {[%clk 1:31:45]} cxd4 {[%clk 1:31:41]} 4. Nxd4 {[%clk 1:32:09]}
a6 {[%clk 1:32:09]} 5. Nc3 {[%clk 1:32:13]} Qc7 {[%clk 1:32:23]} 6. Be3 {[%clk
1:31:56]} Bb4 {[%clk 1:32:41]} 7. Qd3 {[%clk 1:30:45]} Nf6 {[%clk 1:28:16]} 8.
Be2 {[%clk 1:27:38]} Nxe4 {[%clk 1:23:19]} 9. Bd2 {[%clk 1:08:15]} Nxd2 {[%clk
1:21:41]} 10. Qxd2 {[%clk 1:08:13]} d5 {[%clk 1:20:30]} 11. a3 {[%clk 1:03:44]}
Bd6 {[%clk 1:15:46]} 12. b4 {[%clk 0:58:17]} Bf4 {[%clk 1:07:40]} 13. Qd3
{[%clk 0:55:26]} e5 {[%clk 1:06:57]} 14. Nxd5 {[%clk 0:53:27]} Qd6 {[%clk
1:05:36]} 15. Nxf4 {[%clk 0:52:04]} exd4 {[%clk 1:03:01]} 16. Qe4+ {[%clk
0:47:18]} Kf8 {[%clk 0:53:01]} 17. O-O {[%clk 0:44:22]} f5 {[%clk 0:46:56]} 18.
Qf3 {[%clk 0:40:23]} Nc6 {[%clk 0:33:24]} 19. Nd3 {[%clk 0:30:34]} g6 {[%clk
0:23:47]} 20. Nc5 {[%clk 0:22:26]} Kg7 {[%clk 0:23:20]} 21. Rad1 {[%clk
0:18:00]} b6 {[%clk 0:21:17]} 22. Nb3 {[%clk 0:17:46]} Qf6 {[%clk 0:19:57]} 23.
Qd3 {[%clk 0:16:33]} Rd8 {[%clk 0:17:02]} 24. Qc4 {[%clk 0:12:39]} Ne5 {[%clk
0:15:17]} 25. Qc7+ {[%clk 0:08:14]} Rd7 {[%clk 0:15:27]} 1-0

[Event "ODJM C 2022"]
[Site "Willingen GER"]
[Date "2022.06.06"]
[Round "3"]
[White "Löffelholz, Simon"]
[Black "Burdett, Sabah"]
[Result "1-0"]
[Termination "normal"]
[Board "7"]
[WhiteElo "1044"]
[BlackElo "1247"]
[WhiteClock "00:13:39"]
[BlackClock "00:01:01"]
[PlyCount "67"]
[WhiteFideId "34623620"]
[BlackFideId "16267702"]
[EventCountry "GER"]
[EventRounds "9"]
[EventType "swiss"]
[EventDate "2022.06.04"]

1. e4 {[%clk 1:30:56]} e5 {[%clk 1:30:57]} 2. Nf3 {[%clk 1:31:23]} Nc6 {[%clk
1:31:23]} 3. d4 {[%clk 1:31:42]} exd4 {[%clk 1:31:47]} 4. Nxd4 {[%clk 1:32:00]}
Bc5 {[%clk 1:31:24]} 5. Be3 {[%clk 1:32:22]} Bb6 {[%clk 1:27:33]} 6. c3 {[%clk
1:28:42]} Nf6 {[%clk 1:25:20]} 7. Nd2 {[%clk 1:28:17]} O-O {[%clk 1:23:28]} 8.
Bd3 {[%clk 1:27:30]} d5 {[%clk 1:16:12]} 9. Nxc6 {[%clk 1:24:30]} bxc6 {[%clk
1:16:18]} 10. Bxb6 {[%clk 1:24:48]} axb6 {[%clk 1:13:29]} 11. e5 {[%clk
1:24:08]} Re8 {[%clk 1:11:32]} 12. f4 {[%clk 1:17:07]} d4 {[%clk 1:00:28]} 13.
O-O {[%clk 1:15:30]} Ng4 {[%clk 0:59:57]} 14. Qb1 {[%clk 1:01:09]} g6 {[%clk
0:48:21]} 15. Nb3 {[%clk 1:00:48]} Ne3 {[%clk 0:46:30]} 16. Rf2 {[%clk
0:58:13]} c5 {[%clk 0:45:48]} 17. f5 {[%clk 0:53:57]} Rxe5 {[%clk 0:33:42]} 18.
fxg6 {[%clk 0:52:19]} c4 {[%clk 0:24:33]} 19. Bxc4 {[%clk 0:35:19]} Bf5 {[%clk
0:16:03]} 20. gxh7+ {[%clk 0:25:04]} Kh8 {[%clk 0:15:20]} 21. Bd3 {[%clk
0:22:30]} Bxd3 {[%clk 0:12:55]} 22. Qxd3 {[%clk 0:22:04]} Qd7 {[%clk 0:10:07]}
23. cxd4 {[%clk 0:20:57]} Re7 {[%clk 0:08:33]} 24. d5 {[%clk 0:18:52]} Qxd5
{[%clk 0:06:36]} 25. Qc3+ {[%clk 0:18:22]} Kxh7 {[%clk 0:05:44]} 26. Qd4 {[%clk
0:15:56]} Qc6 {[%clk 0:03:48]} 27. Qh4+ {[%clk 0:16:07]} Kg7 {[%clk 0:01:50]}
28. Qxe7 {[%clk 0:15:53]} Re8 {[%clk 0:00:59]} 29. Qxf7+ {[%clk 0:16:04]} Kh8
{[%clk 0:00:58]} 30. Rc1 {[%clk 0:14:35]} Qe4 {[%clk 0:00:40]} 31. h3 {[%clk
0:13:44]} Rg8 {[%clk 0:00:35]} 32. Qh5+ {[%clk 0:13:20]} Qh7 {[%clk 0:00:37]}
33. Qxh7+ {[%clk 0:13:39]} Kxh7 {[%clk 0:01:01]} 34. Rxc7+ {[%clk 0:13:39]} 1-0

[Event "ODJM C 2022"]
[Site "Willingen GER"]
[Date "2022.06.06"]
[Round "3"]
[White "Gauer, Liam"]
[Black "Ollhoff, Hannes"]
[Result "0-1"]
[Termination "normal"]
[Board "8"]
[WhiteElo "1028"]
[BlackElo "1235"]
[WhiteClock "00:17:49"]
[BlackClock "00:08:43"]
[PlyCount "70"]
[WhiteFideId "16235720"]
[BlackFideId "16266927"]
[EventCountry "GER"]
[EventRounds "9"]
[EventType "swiss"]
[EventDate "2022.06.04"]

1. d4 {[%clk 1:30:56]} d5 {[%clk 1:30:50]} 2. Nc3 {[%clk 1:31:15]} e6 {[%clk
1:28:57]} 3. Bf4 {[%clk 1:30:08]} Bd6 {[%clk 1:27:19]} 4. Bxd6 {[%clk 1:27:39]}
Qxd6 {[%clk 1:27:25]} 5. a3 {[%clk 1:25:43]} c5 {[%clk 1:24:09]} 6. dxc5 {[%clk
1:21:55]} Qxc5 {[%clk 1:23:49]} 7. e3 {[%clk 1:19:52]} a6 {[%clk 1:20:05]} 8.
Nf3 {[%clk 1:16:04]} Nf6 {[%clk 1:17:08]} 9. Qd4 {[%clk 1:09:15]} Qc7 {[%clk
1:13:27]} 10. Qa4+ {[%clk 1:05:24]} Nc6 {[%clk 1:07:14]} 11. Bb5 {[%clk
1:00:10]} O-O {[%clk 1:03:32]} 12. Bxc6 {[%clk 0:59:41]} bxc6 {[%clk 1:03:07]}
13. Qd4 {[%clk 0:57:38]} c5 {[%clk 1:00:18]} 14. Qd3 {[%clk 0:56:04]} Rb8
{[%clk 0:58:29]} 15. Rb1 {[%clk 0:54:28]} Bd7 {[%clk 0:55:23]} 16. O-O {[%clk
0:42:39]} Bb5 {[%clk 0:50:43]} 17. Nxb5 {[%clk 0:41:45]} Rxb5 {[%clk 0:46:55]}
18. Qc3 {[%clk 0:38:48]} Rfb8 {[%clk 0:45:19]} 19. h3 {[%clk 0:36:59]} Ne4
{[%clk 0:41:14]} 20. Qd3 {[%clk 0:35:22]} Qa5 {[%clk 0:35:04]} 21. Ne5 {[%clk
0:31:17]} R8b6 {[%clk 0:28:49]} 22. c4 {[%clk 0:28:42]} Rb3 {[%clk 0:25:15]}
23. Nc6 {[%clk 0:26:29]} Qa4 {[%clk 0:22:15]} 24. Qc2 {[%clk 0:22:04]} Qxc6
{[%clk 0:22:09]} 25. cxd5 {[%clk 0:22:15]} exd5 {[%clk 0:21:26]} 26. f3 {[%clk
0:21:23]} Nd6 {[%clk 0:20:48]} 27. Rfe1 {[%clk 0:20:27]} Nc4 {[%clk 0:19:10]}
28. e4 {[%clk 0:20:29]} g6 {[%clk 0:16:30]} 29. exd5 {[%clk 0:20:33]} Qxd5
{[%clk 0:16:26]} 30. Rbd1 {[%clk 0:20:22]} Qg5 {[%clk 0:12:16]} 31. Qxc4 {[%clk
0:20:06]} Rxb2 {[%clk 0:12:23]} 32. g4 {[%clk 0:19:59]} h5 {[%clk 0:11:11]} 33.
Qc3 {[%clk 0:19:27]} Qf6 {[%clk 0:09:56]} 34. Qxc5 {[%clk 0:17:54]} Qxf3 {[%clk
0:08:43]} 35. Re8+ {[%clk 0:17:49]} Kh7 {[%clk 0:08:43]} 0-1

[Event "ODJM C 2022"]
[Site "Willingen GER"]
[Date "2022.06.06"]
[Round "3"]
[White "Aguike, Chidera"]
[Black "Fröhlich, Niklas"]
[Result "1-0"]
[Termination "normal"]
[Board "10"]
[WhiteElo "1266"]
[BlackElo "1242"]
[PlyCount "87"]
[WhiteFideId "34611339"]
[BlackFideId "16245016"]
[EventCountry "GER"]
[EventRounds "9"]
[EventType "swiss"]
[EventDate "2022.06.04"]

1. d4 Nf6 2. c4 g6 3. Nc3 d6 4. e4 Bg7 5. Bf4 O-O 6. Be2 Nbd7 7. Nf3 c5 8. d5
Ng4 9. h3 Nge5 10. O-O Qa5 11. Nd2 Nb6 12. Qb3 f5 13. Qb5 Qxb5 14. Nxb5 fxe4
15. Bxe5 Bxe5 16. Rab1 Bf5 17. g4 e3 18. gxf5 exd2 19. fxg6 hxg6 20. Nc7 Rac8
21. Nb5 a6 22. Nc3 Rf5 23. Ne4 Rf4 24. Nxd2 Rcf8 25. Kg2 R8f5 26. Bg4 Rf6 27.
b3 Na8 28. Nf3 Nc7 29. Rbe1 e6 30. Nxe5 dxe5 31. dxe6 Nxe6 32. Rxe5 Nd4 33.
Rxc5 Nc2 34. Re5 Nb4 35. a3 Nd3 36. Re2 b6 37. f3 Nc5 38. b4 Nb3 39. Rd1 Rxc4
40. Be6+ Rxe6 41. Rxe6 Rc2+ 42. Kg3 Ra2 43. Rxb6 Rxa3 44. Rb7 1-0

[Event "ODJM C 2022"]
[Site "Willingen GER"]
[Date "2022.06.06"]
[Round "3"]
[White "Akcapinar, Timur"]
[Black "Winkler, Frida"]
[Result "1-0"]
[Termination "normal"]
[Board "11"]
[WhiteElo "1278"]
[BlackElo "960"]
[PlyCount "145"]
[WhiteFideId "16287509"]
[BlackFideId "34622322"]
[EventCountry "GER"]
[EventRounds "9"]
[EventType "swiss"]
[EventDate "2022.06.04"]

1. e4 c5 2. Nc3 Nc6 3. f4 d6 4. Bb5 Bd7 5. Bxc6 Bxc6 6. Nf3 Nf6 7. d3 e6 8. O-O
Be7 9. f5 exf5 10. exf5 O-O 11. Qe1 Qd7 12. Bg5 Rae8 13. Qg3 Qxf5 14. Rae1 h6
15. Bxf6 Bxf6 16. Rxe8 Rxe8 17. Qxd6 Bxf3 18. Qg3 Bd4+ 19. Kh1 Qh5 20. Qxf3 Qe5
21. Qxf7+ Kh8 22. Qxb7 Qe1 23. Qf7 Qe5 24. Na4 Qe1 25. Qf8+ Kh7 26. Qf5+ g6 27.
Qf7+ Bg7 28. Rg1 Kh8 29. c3 Re7 30. Qxg6 Qh4 31. Nxc5 Be5 32. g3 Qh3 33. d4 Bc7
34. Qf6+ Rg7 35. Ne6 Qg4 36. Qxg7+ Qxg7 37. Nxg7 Kxg7 38. Re1 Kf6 39. Kg2 Bd6
40. Kf3 Bc7 41. Ke4 Kg5 42. Kd5 Bd8 43. Kc6 Kg4 44. Re6 Bg5 45. Rxh6 Bxh6 46.
h3+ Kxh3 47. d5 Bg5 48. Kc7 Kxg3 49. d6 Bf4 50. Kc6 Bxd6 51. Kxd6 Kf3 52. c4 a5
53. c5 Ke3 54. c6 Kd3 55. c7 Kc2 56. c8=Q+ Kxb2 57. a4 Kb3 58. Qg4 Ka3 59. Kc6
Kb3 60. Kb5 Kc3 61. Kxa5 Kd3 62. Kb5 Ke3 63. a5 Kf2 64. a6 Kf1 65. a7 Ke1 66.
a8=Q Kf2 67. Qag2+ Ke3 68. Q4h3+ Kf4 69. Qgg4+ Ke5 70. Qhh5+ Kf6 71. Qgg6+ Ke7
72. Qhh7+ Kd8 73. Qgg8# 1-0